000 00315nam a2200133Ia 4500
005 20251222152723.0
008 251222s9999||||xx |||||||||||||| ||spa||
020 _a8426315941
082 _a371.394/V77
100 _aVives, Luis
245 0 _aValores Material para TutorĂ­a:
264 _bLuis Vives
942 _cLIB
999 _c29649
_d29649